[Event "Landesliga Ost MVP 2013-14"]
[Site "?"]
[Date "2013.10.27"]
[Round "1.3"]
[White "Rosin, Ralf"]
[Black "Mauser, Tassilo Tino"]
[Result "1-0"]
[WhiteElo "1696"]
[BlackElo "1804"]
[PlyCount "215"]
[EventType "team-tourn"]
[EventRounds "9"]
[EventCountry "GER"]
[WhiteTeam "SV Turbine Neubrandenburg"]
[BlackTeam "SV Gryps"]
[WhiteTeamCountry "GER"]
[BlackTeamCountry "GER"]

1. d4 Nf6 2. Nf3 g6 3. c4 Bg7 4. Nc3 d5 5. cxd5 Nxd5 6. e4 Nxc3 7. bxc3 c5 8.
Bb5+ Bd7 9. Bxd7+ Qxd7 10. O-O Nc6 11. dxc5 Rd8 12. Qxd7+ Rxd7 13. Bb2 O-O 14.
Rab1 Na5 15. Ba1 Rfd8 16. Rfe1 Nc4 17. Rb3 Rd1 18. Kf1 b6 19. cxb6 Nxb6 20. Ke2
R1d3 21. c4 R3d7 22. Bxg7 Kxg7 23. Rc1 Rc7 24. c5 Na4 25. c6 Rdc8 26. Ra3 Nb6
27. Nd4 e5 28. Nb5 Rxc6 29. Rxc6 Rxc6 30. Rxa7 Rc2+ 31. Kf3 Nc4 32. a4 Rb2 33.
Kg3 Rb4 34. f3 Nb6 35. Nd6 Rxa4 36. Rxf7+ Kg8 37. Rb7 Ra6 38. Ne8 Nc4 39. Rc7
Re6 40. Ng7 Ra6 41. Rxc4 Kxg7 42. Rc5 Re6 43. Rc7+ Kg8 44. h4 h6 45. Kg4 Ra6
46. Rc5 Re6 47. Rc7 Ra6 48. g3 Ra3 49. Re7 h5+ 50. Kg5 Rxf3 51. Kxg6 Rxg3+ 52.
Kxh5 Kf8 53. Rxe5 Kf7 54. Rg5 Re3 55. Rf5+ Kg7 56. Rf4 Re1 57. Kg5 Re2 58. Kf5
Kf7 59. h5 Rh2 60. Kg5+ Kg7 61. Rf5 Rg2+ 62. Kf4 Rf2+ 63. Ke5 Ra2 64. Kd4 Ra4+
65. Ke3 Ra3+ 66. Kf4 Ra4 67. Rb5 Kh7 68. Re5 Ra1 69. Rf5 Ra4 70. Rd5 Kg7 71.
Kf5 Ra1 72. Ke6 Ra6+ 73. Rd6 Ra4 74. Kf5 Ra5+ 75. e5 Kh7 76. Kf6 Ra1 77. Ke7
Ra7+ 78. Rd7 Ra5 79. Kf6+ Kg8 80. h6 Ra1 81. Rd8+ Kh7 82. Rd6 Rf1+ 83. Ke7 Ra1
84. Ke8 Ra8+ 85. Rd8 Ra5 86. e6 Kxh6 87. e7 Kg7 88. Kd7 Ra7+ 89. Kd6 Ra6+ 90.
Kc5 Ra5+ 91. Kb4 Re5 92. e8=Q Rxe8 93. Rxe8 Kf7 94. Re1 Kf6 95. Kc4 Kf5 96. Kd4
Kf6 97. Kd5 Kf5 98. Rf1+ Kg4 99. Ke4 Kg3 100. Rf8 Kg2 101. Ke3 Kg3 102. Rg8+
Kh4 103. Kf4 Kh5 104. Rg1 Kh6 105. Kf5 Kh7 106. Kf6 Kh8 107. Rh1+ Kg8 108. Rh2
1-0

[Event "Landesliga Ost MVP 2013-14"]
[Site "?"]
[Date "2013.10.27"]
[Round "1.4"]
[White "Hollatz, Michael"]
[Black "Hollender, Dirk"]
[Result "1-0"]
[WhiteElo "1743"]
[BlackElo "1652"]
[PlyCount "73"]
[EventType "team-tourn"]
[EventRounds "9"]
[EventCountry "GER"]
[WhiteTeam "SV Gryps"]
[BlackTeam "SV Turbine Neubrandenburg"]
[WhiteTeamCountry "GER"]
[BlackTeamCountry "GER"]

1. e4 e5 2. Nf3 Nc6 3. Bc4 Bc5 4. c3 Nf6 5. d3 d6 6. b4 Bb6 7. Bb2 O-O 8. Nbd2
a5 9. b5 Ne7 10. a4 Ng6 11. g3 Be6 12. Qc2 d5 13. exd5 Bxd5 14. O-O Re8 15.
Rfe1 Bxc4 16. Nxc4 Qd5 17. Nxb6 cxb6 18. Ng5 Rad8 19. Rad1 h6 20. c4 Qc5 21.
Nf3 Ng4 22. h3 Nf6 23. Rd2 Re6 24. Qc3 Rde8 25. Rde2 Nd7 26. Kg2 Qe7 27. d4
exd4 28. Qxd4 Nf6 29. Rxe6 fxe6 30. Qxb6 Rc8 31. Rxe6 Qf7 32. Bxf6 Rxc4 33.
Bxg7 Kxg7 34. Qd6 Rc2 35. h4 Qf5 36. Qd7+ Qf7 37. Rxg6+ 1-0

[Event "Landesliga Ost MVP 2013-14"]
[Site "?"]
[Date "2013.10.27"]
[Round "1.5"]
[White "Peters, Hans Joachim"]
[Black "Giering, Nils"]
[Result "1/2-1/2"]
[WhiteElo "1701"]
[BlackElo "1617"]
[PlyCount "66"]
[EventType "team-tourn"]
[EventRounds "9"]
[EventCountry "GER"]
[WhiteTeam "SV Turbine Neubrandenburg"]
[BlackTeam "SV Gryps"]
[WhiteTeamCountry "GER"]
[BlackTeamCountry "GER"]

1. e4 e5 2. Nf3 Nc6 3. Bb5 a6 4. Ba4 Nf6 5. O-O Be7 6. Re1 b5 7. Bb3 O-O 8. d4
exd4 9. e5 Ne8 10. Nxd4 Nxd4 11. Qxd4 c5 12. Qe4 Rb8 13. c3 Bb7 14. Qg4 d6 15.
exd6 Bxd6 16. Bc2 Nf6 17. Qh3 Re8 18. Rxe8+ Qxe8 19. Be3 Bf4 20. Nd2 Bxe3 21.
Qxe3 Qxe3 22. fxe3 Rd8 23. Rd1 Ne4 24. Nxe4 Rxd1+ 25. Bxd1 Bxe4 26. Bf3 Bxf3
27. gxf3 f5 28. Kf2 Kf7 29. b3 g5 30. Kg3 h5 31. c4 Kf6 32. f4 g4 33. Kh4 Kg6
1/2-1/2

[Event "Landesliga Ost MVP 2013-14"]
[Site "?"]
[Date "2013.10.27"]
[Round "1.6"]
[White "Sadewasser, Lucie"]
[Black "Schubert, Jens"]
[Result "1-0"]
[WhiteElo "1431"]
[BlackElo "1582"]
[PlyCount "137"]
[EventType "team-tourn"]
[EventRounds "9"]
[EventCountry "GER"]
[WhiteTeam "SV Gryps"]
[BlackTeam "SV Turbine Neubrandenburg"]
[WhiteTeamCountry "GER"]
[BlackTeamCountry "GER"]

1. e4 c5 2. Nc3 a6 3. f4 e6 4. Nf3 d5 5. e5 Nc6 6. d3 Nge7 7. g4 b6 8. Bg2 Bb7
9. Bd2 Qc7 10. a3 Rc8 11. O-O Nd4 12. Rc1 Nec6 13. Ne2 Nxf3+ 14. Bxf3 Be7 15.
c3 O-O 16. g5 Qd7 17. Qe1 f5 18. h4 g6 19. h5 Kf7 20. Qh4 Rh8 21. Ng3 Rcg8 22.
Rce1 b5 23. Rf2 c4 24. d4 a5 25. Nf1 b4 26. axb4 axb4 27. Ne3 Qc7 28. Nxd5 exd5
29. Bxd5+ Kf8 30. Bxc4 bxc3 31. bxc3 Nxd4 32. Bxg8 Nf3+ 33. Rxf3 Bxf3 34. Bb3
Qb6+ 35. Qf2 Qxf2+ 36. Kxf2 Bxh5 37. Bd1 Bxd1 38. Rxd1 Kf7 39. Rb1 h6 40. Rh1
h5 41. Ke2 Ra8 42. Kd3 Rd8+ 43. Kc2 Ra8 44. Rf1 Bc5 45. Kb3 Ke6 46. Kc4 Ba7 47.
Kd3 Rd8+ 48. Kc2 Rb8 49. Rd1 Bc5 50. Bc1 Ra8 51. Bb2 Ra4 52. Rf1 Ra8 53. Kb3
Be3 54. Rf3 Bc5 55. Rd3 Rb8+ 56. Kc4 Rxb2 57. Kxc5 Rf2 58. Rd6+ Kf7 59. Rf6+
Kg7 60. e6 h4 61. Kd6 Rd2+ 62. Ke7 h3 63. Rf7+ Kg8 64. Kf6 h2 65. Rg7+ Kh8 66.
e7 Re2 67. Rxg6 h1=Q 68. Rh6+ Qxh6+ 69. gxh6 1-0

[Event "Landesliga Ost MVP 2013-14"]
[Site "?"]
[Date "2013.10.27"]
[Round "1.7"]
[White "Elsner, Norbert"]
[Black "Mielke, Sven"]
[Result "1/2-1/2"]
[WhiteElo "1864"]
[BlackElo "1812"]
[PlyCount "33"]
[EventType "team-tourn"]
[EventRounds "9"]
[EventCountry "GER"]
[WhiteTeam "SV Turbine Neubrandenburg"]
[BlackTeam "SV Gryps"]
[WhiteTeamCountry "GER"]
[BlackTeamCountry "GER"]

1. c4 e6 2. Nf3 Nf6 3. g3 d5 4. b3 c5 5. Bg2 Nc6 6. O-O Be7 7. Bb2 d4 8. d3 O-O
9. Nbd2 Rb8 10. Ne1 e5 11. Ne4 Nd7 12. g4 f5 13. gxf5 Rxf5 14. Bh3 Rf8 15. Be6+
Kh8 16. Ng2 Nf6 17. Ng5 1/2-1/2

[Event "Landesliga Ost MVP 2013-14"]
[Site "?"]
[Date "2013.10.27"]
[Round "1.8"]
[White "Springer, Guido"]
[Black "Leisner, Ekkehardt"]
[Result "0-1"]
[WhiteElo "1762"]
[BlackElo "1583"]
[PlyCount "68"]
[EventType "team-tourn"]
[EventRounds "9"]
[EventCountry "GER"]
[WhiteTeam "SV Gryps"]
[BlackTeam "SV Turbine Neubrandenburg"]
[WhiteTeamCountry "GER"]
[BlackTeamCountry "GER"]

1. e4 c5 2. Nf3 Nc6 3. d4 cxd4 4. Nxd4 a6 5. Nc3 e6 6. Be3 Qc7 7. Be2 Bb4 8.
O-O Nf6 9. f4 Bxc3 10. bxc3 Nxe4 11. Qd3 d5 12. c4 Nf6 13. f5 e5 14. Nxc6 bxc6
15. Rae1 O-O 16. Bg5 Ne4 17. Bh4 Bb7 18. f6 Qb6+ 19. Kh1 Qd4 20. Qf3 g6 21. Rd1
Nd2 22. Qh3 Bc8 23. Rxd2 Qxd2 24. Qg3 Qxe2 25. Re1 Qg4 26. Qf2 e4 27. h3 Qf5
28. Qe3 Qh5 29. Bg5 Re8 30. Qf4 d4 31. Kg1 e3 32. h4 Qg4 33. Qd6 Bf5 34. Qxc6
Be4 0-1

[Event "Landesliga Ost MVP 2013-14"]
[Site "?"]
[Date "2013.10.27"]
[Round "1.1"]
[White "Dao Xuan, Duong"]
[Black "Pruesse, Horst"]
[Result "0-1"]
[WhiteElo "1731"]
[BlackElo "1947"]
[PlyCount "64"]
[EventType "team-tourn"]
[EventRounds "9"]
[EventCountry "GER"]
[WhiteTeam "SG Eintracht Neubrandenburg II"]
[BlackTeam "SG Eintracht Neubrandenburg"]
[WhiteTeamCountry "GER"]
[BlackTeamCountry "GER"]

1. e4 c5 2. Nf3 a6 3. d4 cxd4 4. Nxd4 Nf6 5. Nc3 e5 6. Nb3 Bb4 7. Bd3 d5 8.
exd5 Nxd5 9. Bd2 Bxc3 10. bxc3 Qc7 11. O-O O-O 12. Re1 Be6 13. Qh5 f5 14. Nd4
Qd6 15. Rxe5 Qxe5 16. Re1 Nf6 17. Qh4 Ne4 18. Bxe4 fxe4 19. Rxe4 Qd5 20. Rxe6
Nc6 21. Qg4 Rad8 22. Bh6 Rf7 23. h3 Nxd4 24. cxd4 Qxd4 25. Re8+ Rf8 26. Rxf8+
Kxf8 27. Qf5+ Kg8 28. Be3 Qa1+ 29. Kh2 Qxa2 30. Qe4 Qd5 31. Qa4 Rc8 32. c3 Qe5+
0-1

[Event "Landesliga Ost MVP 2013-14"]
[Site "?"]
[Date "2013.10.27"]
[Round "1.2"]
[White "Lansky, Georg"]
[Black "Rehbein, Hans Juergen"]
[Result "1-0"]
[WhiteElo "1849"]
[BlackElo "1652"]
[PlyCount "65"]
[EventType "team-tourn"]
[EventRounds "9"]
[EventCountry "GER"]
[WhiteTeam "SG Eintracht Neubrandenburg"]
[BlackTeam "SG Eintracht Neubrandenburg II"]
[WhiteTeamCountry "GER"]
[BlackTeamCountry "GER"]

1. e4 c5 2. Nf3 Nc6 3. d4 cxd4 4. Nxd4 Nf6 5. Nc3 e5 6. Ndb5 a6 7. Nd6+ Bxd6 8.
Qxd6 Qe7 9. Qxe7+ Nxe7 10. Bg5 h6 11. Bh4 g5 12. Bg3 Ng6 13. O-O-O O-O 14. Bc4
b5 15. Bb3 Bb7 16. Rd6 Kg7 17. f3 Bc6 18. Nd1 Ne8 19. Rd2 f5 20. exf5 Rxf5 21.
Ne3 Rf6 22. Re1 h5 23. Nd5 Rd6 24. Bxe5+ Nxe5 25. Rxe5 Kh6 26. Ne7 Rxd2 27.
Kxd2 Bb7 28. Bf7 Nd6 29. Nf5+ Nxf5 30. Rxf5 Bc6 31. h4 gxh4 32. Rxh5+ Kg7 33.
Bd5 1-0

[Event "Landesliga Ost MVP 2013-14"]
[Site "?"]
[Date "2013.10.27"]
[Round "1.3"]
[White "Witkowski, Rainer"]
[Black "Rossmann, Andreas"]
[Result "1-0"]
[WhiteElo "1833"]
[BlackElo "1977"]
[PlyCount "81"]
[EventType "team-tourn"]
[EventRounds "9"]
[EventCountry "GER"]
[WhiteTeam "SG Eintracht Neubrandenburg II"]
[BlackTeam "SG Eintracht Neubrandenburg"]
[WhiteTeamCountry "GER"]
[BlackTeamCountry "GER"]

1. e4 c5 2. c3 e6 3. d4 cxd4 4. cxd4 Nf6 5. Nc3 Bb4 6. Bd3 Nc6 7. Nge2 d5 8. e5
Ne4 9. O-O Nxc3 10. bxc3 Be7 11. Qc2 h6 12. f4 O-O 13. Be3 Bd7 14. f5 exf5 15.
Ng3 Bg5 16. Bxg5 Qxg5 17. Bxf5 Be6 18. Rf3 Rac8 19. Qf2 Ne7 20. Rf1 Nxf5 21.
Nxf5 Bxf5 22. Rxf5 Qe7 23. Qf3 Qe6 24. Qg3 Kh7 25. Qd3 Qg6 26. Qf3 Kg8 27. Qxd5
Rxc3 28. e6 Rc7 29. Qe5 Re7 30. d5 Rfe8 31. Rxf7 Rxf7 32. Rxf7 Rc8 33. Rf1 Rc2
34. Qg3 Qe4 35. Qf3 Qd4+ 36. Kh1 Qc4 37. e7 Re2 38. d6 Re3 39. Qf8+ Kh7 40.
Qf5+ Kg8 41. d7 1-0

[Event "Landesliga Ost MVP 2013-14"]
[Site "?"]
[Date "2013.10.27"]
[Round "1.4"]
[White "Stoevesand, Eric"]
[Black "Buenz, Heinrich"]
[Result "1-0"]
[WhiteElo "1929"]
[BlackElo "1714"]
[PlyCount "71"]
[EventType "team-tourn"]
[EventRounds "9"]
[EventCountry "GER"]
[WhiteTeam "SG Eintracht Neubrandenburg"]
[BlackTeam "SG Eintracht Neubrandenburg II"]
[WhiteTeamCountry "GER"]
[BlackTeamCountry "GER"]

1. e4 e5 2. Nf3 Nc6 3. Bb5 d6 4. c3 Bd7 5. O-O Nf6 6. Re1 Be7 7. d4 exd4 8.
cxd4 O-O 9. Nc3 Re8 10. Bc4 Na5 11. Bd3 Bg4 12. Bc2 Nc6 13. a3 Bh5 14. Ba4 Bxf3
15. gxf3 a6 16. Qd3 b5 17. Bc2 g6 18. f4 Nh5 19. Nd5 Bf8 20. a4 Bg7 21. e5 Qd7
22. Bd1 dxe5 23. dxe5 Kh8 24. Bf3 Rad8 25. axb5 axb5 26. Qxb5 Nd4 27. Qxd7
Nxf3+ 28. Kf1 Rxd7 29. Rd1 Red8 30. Ke2 Nxh2 31. f3 Rxd5 32. Rxd5 Nxf4+ 33.
Bxf4 Rxd5 34. Ra8+ Bf8 35. Bh6 Rxe5+ 36. Kf2 1-0

[Event "Landesliga Ost MVP 2013-14"]
[Site "?"]
[Date "2013.10.27"]
[Round "1.5"]
[White "Winkler, Karl"]
[Black "Baier, Karsten"]
[Result "0-1"]
[WhiteElo "1774"]
[BlackElo "1894"]
[PlyCount "98"]
[EventType "team-tourn"]
[EventRounds "9"]
[EventCountry "GER"]
[WhiteTeam "SG Eintracht Neubrandenburg II"]
[BlackTeam "SG Eintracht Neubrandenburg"]
[WhiteTeamCountry "GER"]
[BlackTeamCountry "GER"]

1. e4 c5 2. Nf3 Nc6 3. d4 cxd4 4. Nxd4 g6 5. Nc3 Bg7 6. Nxc6 bxc6 7. Bd2 d6 8.
Bd3 Nf6 9. O-O O-O 10. Qc1 Rb8 11. Rb1 Bd7 12. Bh6 Qa5 13. Bxg7 Kxg7 14. Qe3
Ng4 15. Qg3 Ne5 16. f4 Qc5+ 17. Kh1 Nxd3 18. Qxd3 f5 19. e5 Be6 20. exd6 Bc4
21. Na4 Bxd3 22. Nxc5 Bxf1 23. Ne6+ Kf7 24. Nxf8 Kxf8 25. Rxf1 Rxb2 26. d7 Rb8
27. h4 e6 28. Rf3 Ke7 29. h5 Kxd7 30. hxg6 hxg6 31. Rg3 Rb2 32. Ra3 Rb7 33. Rg3
Rb4 34. Rd3+ Kc7 35. g3 Ra4 36. a3 Rc4 37. Re3 Kd6 38. Rd3+ Kc5 39. Rd7 Rc3 40.
Rxa7 Rxg3 41. Rg7 Rg4 42. Rg8 Kc4 43. Re8 Kd5 44. Rg8 Rxf4 45. Rxg6 Rf3 46. c4+
Ke5 47. Rg2 Rxa3 48. Re2+ Kd6 49. Rc2 Re3 0-1

[Event "Landesliga Ost MVP 2013-14"]
[Site "?"]
[Date "2013.10.27"]
[Round "1.6"]
[White "Meyer, Detlef"]
[Black "Stock, Joachim"]
[Result "1-0"]
[WhiteElo "1827"]
[BlackElo "1580"]
[PlyCount "127"]
[EventType "team-tourn"]
[EventRounds "9"]
[EventCountry "GER"]
[WhiteTeam "SG Eintracht Neubrandenburg"]
[BlackTeam "SG Eintracht Neubrandenburg II"]
[WhiteTeamCountry "GER"]
[BlackTeamCountry "GER"]

1. e4 e5 2. Nf3 Nc6 3. Bc4 Bc5 4. b4 Bd6 5. a3 Nd4 6. Bb2 Nxf3+ 7. Qxf3 Nf6 8.
O-O c6 9. d4 Qe7 10. Nd2 Bc7 11. Qg3 Nh5 12. Qb3 d6 13. dxe5 dxe5 14. Nf3 O-O
15. b5 Bg4 16. a4 Kh8 17. Rad1 Nf4 18. Ba3 c5 19. Qe3 b6 20. Bd5 Rad8 21. c4
Rd6 22. Rd2 Rg6 23. g3 Bh3 24. Rfd1 h5 25. Bc6 Qf6 26. Bd7 Ne6 27. Kh1 Bg4 28.
Nh4 Bxd1 29. Nxg6+ fxg6 30. Rxd1 Nd4 31. Rd2 Kh7 32. Bh3 g5 33. Bb2 g4 34. Bg2
Rf7 35. Kg1 Bd6 36. Kf1 g5 37. Bc1 Kg6 38. h4 gxh3 39. Bxh3 Qf3 40. Qxf3 Rxf3
41. Bf5+ Kf6 42. Kg2 Rc3 43. Rd1 Rxc4 44. Be3 Be7 45. Bd7 Rxa4 46. Be8 h4 47.
gxh4 gxh4 48. Kh3 Ne6 49. Bc6 Ra3 50. Kxh4 a5 51. Rg1 Nf4 52. Bd7 Kf7+ 53. Kg4
Rd3 54. Bf5 Ne6 55. Rh1 Ng7 56. Rh7 Bf6 57. Bh6 Rd6 58. f4 c4 59. Bxg7 Bxg7 60.
fxe5 Rd2 61. e6+ Kf6 62. e7 Kxe7 63. Rxg7+ Ke8 64. Bg6+ 1-0

[Event "Landesliga Ost MVP 2013-14"]
[Site "?"]
[Date "2013.10.27"]
[Round "1.7"]
[White "Sommer, Hans Hermann"]
[Black "Stoevesand, Peter"]
[Result "0-1"]
[WhiteElo "1663"]
[BlackElo "1831"]
[PlyCount "110"]
[EventType "team-tourn"]
[EventRounds "9"]
[EventCountry "GER"]
[WhiteTeam "SG Eintracht Neubrandenburg II"]
[BlackTeam "SG Eintracht Neubrandenburg"]
[WhiteTeamCountry "GER"]
[BlackTeamCountry "GER"]

1. e4 e5 2. Nf3 Nc6 3. Bb5 a6 4. Ba4 Nf6 5. O-O b5 6. Bb3 Be7 7. d4 d6 8. dxe5
Nxe5 9. Nxe5 dxe5 10. Qe2 c5 11. c4 O-O 12. Rd1 Qb6 13. Nc3 Bg4 14. f3 Be6 15.
Be3 Rab8 16. Nd5 Bxd5 17. cxd5 Qd6 18. a3 Ne8 19. Bc2 Qg6 20. Qf2 Rc8 21. Kh1
c4 22. f4 Bd6 23. f5 Qf6 24. g4 Qe7 25. g5 Bc5 26. Bxc5 Qxc5 27. Qxc5 Rxc5 28.
d6 Rc6 29. d7 Nd6 30. Rd5 Rd8 31. Rxe5 Rxd7 32. Rd1 f6 33. Red5 Kf8 34. e5 fxe5
35. Rxe5 Re7 36. Rde1 Rxe5 37. Rxe5 Nf7 38. Re2 Nxg5 39. h4 Nf3 40. Be4 Nd4 41.
Bxc6 Nxe2 42. Bb7 a5 43. Kg2 b4 44. Kf2 Nd4 45. Be4 c3 46. bxc3 bxc3 47. Ke3 c2
48. Kd2 Kf7 49. f6 g6 50. h5 gxh5 51. Bxh7 h4 52. Be4 h3 53. Bb7 Kxf6 54. Ba6
Nf3+ 55. Kxc2 h2 0-1

[Event "Landesliga Ost MVP 2013-14"]
[Site "?"]
[Date "2013.11.10"]
[Round "2.1"]
[White "Scheel, Henrik"]
[Black "Stork, Michael"]
[Result "0-1"]
[WhiteElo "1901"]
[BlackElo "2009"]
[PlyCount "71"]
[EventType "team-tourn"]
[EventRounds "9"]
[EventCountry "GER"]
[WhiteTeam "SV Rugia Bergen"]
[BlackTeam "ESV Waren"]
[WhiteTeamCountry "GER"]
[BlackTeamCountry "GER"]

1. d4 Nf6 2. Nf3 g6 3. e3 Bg7 4. Nbd2 d5 5. Bd3 O-O 6. O-O b6 7. b3 Bb7 8. Bb2
Nbd7 9. Rc1 Ne4 10. c4 e6 11. Qc2 Nxd2 12. Nxd2 c5 13. cxd5 exd5 14. Nf3 Rc8
15. Qe2 Re8 16. Bb5 Re6 17. Bxd7 Qxd7 18. Rfd1 Rc7 19. Rc2 Qc8 20. Rdc1 Ba6 21.
Qd2 c4 22. h3 Bf8 23. Ne5 b5 24. e4 Bb7 25. Bc3 f6 26. bxc4 bxc4 27. Ng4 h5 28.
exd5 Bxd5 29. Ne3 Bh6 30. Rb2 Qe8 31. Re1 Rce7 32. Bb4 Rxe3 33. Bxe7 c3 34.
Qxe3 Bxe3 35. Rbe2 Qxe7 36. Rxe3 0-1

[Event "Landesliga Ost MVP 2013-14"]
[Site "?"]
[Date "2013.11.10"]
[Round "2.2"]
[White "Schumacher, Albrecht"]
[Black "Pawlick, Helmut"]
[Result "1-0"]
[WhiteElo "1925"]
[BlackElo "1871"]
[PlyCount "111"]
[EventType "team-tourn"]
[EventRounds "9"]
[EventCountry "GER"]
[WhiteTeam "ESV Waren"]
[BlackTeam "SV Rugia Bergen"]
[WhiteTeamCountry "GER"]
[BlackTeamCountry "GER"]

1. d4 Nf6 2. c4 e6 3. Nf3 c5 4. g3 d5 5. Bg2 Nc6 6. O-O cxd4 7. Nxd4 Be7 8. Nc3
O-O 9. cxd5 exd5 10. Bf4 a6 11. Rc1 Qb6 12. Nxc6 bxc6 13. Na4 Qb5 14. Qc2 Bd7
15. Be3 Rab8 16. b3 Rfe8 17. Bf3 Ba3 18. Rcd1 Bg4 19. Nc3 Qb7 20. Bf4 Rbc8 21.
Bxg4 Nxg4 22. e4 Bb4 23. f3 Qa7+ 24. Kh1 Nf6 25. Bg5 Nd7 26. Rfe1 Ne5 27. Rf1
f6 28. Bc1 d4 29. Nb1 d3 30. Qg2 Rcd8 31. Bd2 a5 32. Nc3 Qd4 33. Rc1 Ba3 34.
Rce1 Bb2 35. Na4 Ba3 36. Bxa5 Ra8 37. Bc3 Qd6 38. Rd1 Red8 39. Bxe5 Qxe5 40.
Nb6 Ra6 41. Nc4 Qb5 42. Nxa3 Rxa3 43. Rd2 Qc5 44. Qf2 Qc3 45. Rfd1 c5 46. Qe3
Qb4 47. Rxd3 Rxd3 48. Qxd3 Rxa2 49. Qd5+ Kf8 50. e5 Ra7 51. Qd6+ Re7 52. exf6
gxf6 53. Qxf6+ Ke8 54. Qh8+ Kf7 55. Qxh7+ Ke6 56. Qg6+ 1-0

[Event "Landesliga Ost MVP 2013-14"]
[Site "?"]
[Date "2013.11.10"]
[Round "2.3"]
[White "Pawlowicz, Wolfgang"]
[Black "Wittig, Harry"]
[Result "0-1"]
[WhiteElo "1755"]
[BlackElo "1867"]
[PlyCount "67"]
[EventType "team-tourn"]
[EventRounds "9"]
[EventCountry "GER"]
[WhiteTeam "SV Rugia Bergen"]
[BlackTeam "ESV Waren"]
[WhiteTeamCountry "GER"]
[BlackTeamCountry "GER"]

1. c4 c5 2. Nc3 Nc6 3. Nf3 Nf6 4. g3 g6 5. Bg2 Bg7 6. O-O O-O 7. a3 d6 8. d3
Bd7 9. Bd2 Ne8 10. Qc1 Nc7 11. Bh6 Rb8 12. Qd2 Ne6 13. Bxg7 Kxg7 14. e3 Ne5 15.
Nxe5 dxe5 16. Nd5 f6 17. b4 b5 18. Rfd1 Re8 19. Qc3 Rc8 20. Rd2 Bc6 21. Rad1
Qd6 22. Qb2 Rb8 23. Qa2 a6 24. Rc1 Rec8 25. Rdc2 Bd7 26. Qb2 a5 27. cxb5 Bxb5
28. bxc5 Rxc5 29. Rxc5 Nxc5 30. d4 Nd3 31. Qc2 Nxc1 32. Qxc1 exd4 33. exd4 Bd3
34. Nf4 0-1

[Event "Landesliga Ost MVP 2013-14"]
[Site "?"]
[Date "2013.11.10"]
[Round "2.4"]
[White "Schreiner, Wolfgang"]
[Black "Burwitz, Joerg"]
[Result "1/2-1/2"]
[WhiteElo "1789"]
[BlackElo "1673"]
[PlyCount "59"]
[EventType "team-tourn"]
[EventRounds "9"]
[EventCountry "GER"]
[WhiteTeam "ESV Waren"]
[BlackTeam "SV Rugia Bergen"]
[WhiteTeamCountry "GER"]
[BlackTeamCountry "GER"]

1. e4 c6 2. d4 d5 3. e5 g6 4. Bd3 Bg7 5. Nf3 Bg4 6. Nbd2 e6 7. c3 Nd7 8. h3
Bxf3 9. Nxf3 Ne7 10. O-O O-O 11. Re1 c5 12. Bf4 cxd4 13. cxd4 Qb6 14. Qd2 Nc6
15. Bf1 Rac8 16. Rac1 Rc7 17. Rc3 Rfc8 18. Rec1 a6 19. a3 a5 20. g4 Nf8 21. h4
h6 22. Bxh6 Bxh6 23. Qxh6 Qxb2 24. Qf4 Qb6 25. Kg2 Ne7 26. Rxc7 Rxc7 27. Rxc7
Qxc7 28. h5 f5 29. Ng5 Qd7 30. f3 1/2-1/2

[Event "Landesliga Ost MVP 2013-14"]
[Site "?"]
[Date "2013.11.10"]
[Round "2.5"]
[White "Tabbert, Dirk"]
[Black "Dohnow, Thomas"]
[Result "0-1"]
[WhiteElo "1588"]
[BlackElo "1726"]
[PlyCount "68"]
[EventType "team-tourn"]
[EventRounds "9"]
[EventCountry "GER"]
[WhiteTeam "SV Rugia Bergen"]
[BlackTeam "ESV Waren"]
[WhiteTeamCountry "GER"]
[BlackTeamCountry "GER"]

1. c4 Nf6 2. Nc3 e6 3. g3 d5 4. cxd5 exd5 5. Bg2 c6 6. d4 Bf5 7. Qb3 Qb6 8.
Qxb6 axb6 9. e3 Na6 10. a3 Nb4 11. Ke2 Bd3+ 12. Kd2 Bg6 13. Nh3 Bd6 14. f3 O-O
15. Nf2 Rfe8 16. Bf1 Nc2 17. Ra2 Nxe3 18. Bd3 Bxd3 19. Kxd3 Nf5 20. b4 Re7 21.
Bg5 h6 22. Bd2 Ne8 23. Rc1 Nc7 24. Nfd1 Ne6 25. Be3 Ng5 26. b5 Rxa3 27. Rxa3
Bxa3 28. Ra1 Nxe3 29. Nxe3 Bb4 30. Nf5 Re8 31. bxc6 bxc6 32. Na2 Ba5 33. f4 Nf3
34. h3 Ne1+ 0-1

[Event "Landesliga Ost MVP 2013-14"]
[Site "?"]
[Date "2013.11.10"]
[Round "2.6"]
[White "Lotz, Robert"]
[Black "Pawlowicz, Karsten"]
[Result "1-0"]
[WhiteElo "1736"]
[BlackElo "1558"]
[PlyCount "181"]
[EventType "team-tourn"]
[EventRounds "9"]
[EventCountry "GER"]
[WhiteTeam "ESV Waren"]
[BlackTeam "SV Rugia Bergen"]
[WhiteTeamCountry "GER"]
[BlackTeamCountry "GER"]

1. e4 c5 2. Nf3 Nc6 3. d4 cxd4 4. Nxd4 g6 5. Nxc6 bxc6 6. Bd3 Bg7 7. c3 Bb7 8.
Be3 Nf6 9. O-O O-O 10. f3 Qc7 11. Qe2 d5 12. Nd2 Rfd8 13. Rae1 e6 14. Bg5 h6
15. Be3 c5 16. Bf2 Nd7 17. Bg3 Qb6 18. Bf2 Qc7 19. Bb5 d4 20. cxd4 cxd4 21. Rc1
Qb6 22. Bxd7 Rxd7 23. b3 Ba6 24. Nc4 Bxc4 25. Qxc4 e5 26. Rfd1 Rad8 27. Rd3 h5
28. Kf1 Bh6 29. Rc2 Qb8 30. Be1 Re8 31. Ba5 h4 32. b4 Bf4 33. h3 Qb7 34. b5 a6
35. b6 Kg7 36. Qc6 Rb8 37. Ke2 Kg8 38. Qxb7 Rdxb7 39. Rb3 Kg7 40. Rc7 Bg5 41.
Rxb7 Rxb7 42. Bb4 Bd8 43. Bc5 Kf6 44. a4 Kg5 45. a5 Kf4 46. Bd6 f5 47. exf5
Kxf5 48. Kd3 Ke6 49. Bf8 Kd5 50. Bg7 Rxg7 51. b7 Bc7 52. b8=Q Bxb8 53. Rxb8 Rc7
54. Rd8+ Ke6 55. Re8+ Kd6 56. Rg8 Rc3+ 57. Kd2 Kc5 58. Rxg6 Kb5 59. Rg4 Kxa5
60. Rxh4 Kb5 61. Rh8 Rc6 62. h4 a5 63. h5 a4 64. h6 Kc4 65. g4 a3 66. h7 a2 67.
Ra8 Rh6 68. Rxa2 Rh2+ 69. Kd1 Rxh7 70. Ra5 Rf7 71. Ke2 d3+ 72. Ke3 Rd7 73. Kd2
Rf7 74. Ra4+ Kd5 75. Ke3 d2 76. Ra1 Ke6 77. Rd1 Ra7 78. Rxd2 Ra1 79. Rd3 Ra6
80. Rb3 Kf6 81. Ke4 Re6 82. Rb5 Re8 83. g5+ Kxg5 84. Rxe5+ Rxe5+ 85. Kxe5 Kg6
86. f4 Kf7 87. Kf5 Kf8 88. Kf6 Ke8 89. Kg7 Ke7 90. f5 Ke8 91. f6 1-0

[Event "Landesliga Ost MVP 2013-14"]
[Site "?"]
[Date "2013.11.10"]
[Round "2.7"]
[White "Pawlick, Hannes"]
[Black "Mayerhoff, Lothar"]
[Result "0-1"]
[WhiteElo "1653"]
[BlackElo "1570"]
[PlyCount "58"]
[EventType "team-tourn"]
[EventRounds "9"]
[EventCountry "GER"]
[WhiteTeam "SV Rugia Bergen"]
[BlackTeam "ESV Waren"]
[WhiteTeamCountry "GER"]
[BlackTeamCountry "GER"]

1. e4 c5 2. Nf3 a6 3. d4 cxd4 4. Nxd4 e5 5. Nf3 Nc6 6. Nc3 Bb4 7. Bd2 d6 8. Nd5
Bc5 9. Be3 Bxe3 10. Nxe3 Nf6 11. Bd3 h6 12. O-O Ng4 13. Qe2 Be6 14. Nd2 Nf6 15.
c3 Qd7 16. Bc4 b5 17. Bb3 O-O 18. Rad1 Rad8 19. Nc2 Qa7 20. Kh1 Na5 21. Nb4 Qb6
22. Qd3 Nxb3 23. Nxb3 g6 24. f4 Ng4 25. Rd2 Bc4 26. Qf3 Bxf1 27. Qxf1 Qe3 28.
h3 Nf6 29. fxe5 Nxe4 0-1

[Event "Landesliga Ost MVP 2013-14"]
[Site "?"]
[Date "2013.11.10"]
[Round "2.1"]
[White "Lansky, Georg"]
[Black "Alder, Bodo"]
[Result "1-0"]
[WhiteElo "1849"]
[BlackElo "1915"]
[PlyCount "37"]
[EventType "team-tourn"]
[EventRounds "9"]
[EventCountry "GER"]
[WhiteTeam "SG Eintracht Neubrandenburg"]
[BlackTeam "SC Seehotel Binz-Therme Rügen"]
[WhiteTeamCountry "GER"]
[BlackTeamCountry "GER"]

1. e4 c5 2. Nf3 d6 3. d4 cxd4 4. Nxd4 Nf6 5. Nc3 a6 6. Be2 e5 7. Nb3 h6 8. Be3
Be6 9. Nd5 Bxd5 10. exd5 Nbd7 11. O-O Be7 12. a4 O-O $2 13. a5 Rc8 14. c4 b6 $4
15. axb6 Nxb6 16. Na5 Nfd7 17. Nc6 Rxc6 18. dxc6 Nb8 19. Qb3 1-0